Fibre ropes for fishing gear
Պահպանված է:
| Հիմնական հեղինակ: | |
|---|---|
| Ձևաչափ: | Գիրք |
| Լեզու: | անգլերեն |
| Հրապարակվել է: |
Farnham
Fishing News Books
1983
|
| Շարք: | FAO Fishing Manuals
|
| Խորագրեր: | |
| Ցուցիչներ: |
Ավելացրեք ցուցիչ
Չկան պիտակներ, Եղեք առաջինը, ով նշում է այս գրառումը!
|
MARC
| LEADER | 00000nam a2200000 a 4500 | ||
|---|---|---|---|
| 001 | UCJ1946 | ||
| 003 | CL-VaPUC | ||
| 008 | 061124e19830000UK |||||||||||||||||eng|d | ||
| 020 | |a 0852381239 | ||
| 082 | 0 | 4 | |a 639.2 |b KLU |2 21 |
| 100 | |a Klust, Gerhard |e author |9 533544 | ||
| 245 | 1 | 0 | |a Fibre ropes for fishing gear |
| 300 | |a 200 p | ||
| 942 | |c BK | ||
| 945 | |d 20061124 00:00:00 |a cmena | ||
| 260 | |a Farnham |b Fishing News Books |c 1983 | ||
| 650 | 0 | |a Pesca artesanal |9 261256 | |
| 650 | 0 | |a Industria pesquera |9 255432 | |
| 650 | 7 | |a PESCA DE ARRASTRE |2 CL-VaPUC |9 261951 | |
| 650 | 7 | |a METODOS DE PESCA |2 CL-VaPUC |9 261501 | |
| 583 | |a last modification |c 20061124 00:00:00 |k Rodrigo Vera | ||
| 490 | 0 | |a FAO Fishing Manuals | |
| 999 | |c 318376 |d 318374 | ||
| 952 | |0 0 |1 0 |2 ddc |4 0 |6 639_200000000000000_KLU_1983 |7 0 |8 CCM |9 396147 |a BIBCUR |b BIBCUR |d 2019-11-22 |i 4285840 |o 639.2 KLU 1983 |p 4285840 |r 2025-04-22 |w 2019-11-22 |y BK_X |k CIM | ||